[Event "Benidorm op U2200 10th"]
[Site "Benidorm"]
[Date "2011.12.06"]
[Round "5"]
[White "Moya Mallafre, Erik"]
[Black "Navarro Martinez, Daniel"]
[Result "1-0"]
[WhiteElo "1989"]
[BlackElo "1910"]
[PlyCount "101"]
[EventDate "2011.12.02"]
[EventType "swiss"]
[EventRounds "10"]
[EventCountry "ESP"]
[SourceTitle "CBM 145 Extra"]
[Source "ChessBase"]
[SourceDate "2012.01.03"]
[SourceVersion "1"]
[SourceVersionDate "2012.01.03"]
[SourceQuality "1"]

1. d4 Nf6 2. Nf3 g6 3. g3 Bg7 4. Bg2 d6 5. c4 0-0 6. 0-0 Nc6 7. Nc3 e5 8. d5 Na5 9. Nd2 b6 10. b4 Nb7 11. Bb2 a5 12. a3 Nh5 13. e4 Qe8 14. Nb5 Qd8 15. Nb1 Bd7 16. N1c3 Nf6 17. Qd2 Ne8 18. f4 exf4 19. gxf4 f5 20. Nd4 Qf6 21. Nce2 fxe4 22. Bc3 Qe7 23. Nc6 Bxc6 24. dxc6 Nd8 25. Bxg7 Nxg7 26. Qd5+ Kh8 27. Bxe4 Nf5 28. Ng3 Qf6 29. Bxf5 gxf5 30. b5 Ne6 31. Rae1 Rae8 32. Re2 Nc5 33. Rxe8 Rxe8 34. Qxf5 Qxf5 35. Nxf5 Re4 36. Kg2 Rxc4 37. Re1 Re4 38. Rxe4 Nxe4 39. Kf3 Nd2+ 40. Ke2 Ne4 41. Kd3 Nc5+ 42. Kc4 Ne6 43. Nxd6 cxd6 44. Kd5 Nc7+ 45. Kxd6 Nxb5+ 46. Ke7 Nc7 47. f5 Kg8 48. f6 Nd5+ 49. Ke6 Nc7+ 50. Kd6 Ne8+ 51. Ke7 1-0

[Event "San Pedro del Pinatar op 1st"]
[Site "San Pedro del Pinatar"]
[Date "2010.01.17"]
[Round "7"]
[White "Navarro Martinez, Daniel"]
[Black "Patino Andreu, Ramon"]
[Result "1-0"]
[WhiteElo "1972"]
[BlackElo "2027"]
[PlyCount "126"]
[EventDate "2010.01.15"]
[EventType "swiss"]
[EventRounds "7"]
[EventCountry "ESP"]
[SourceTitle "CBM 134 Extra"]
[Source "ChessBase"]
[SourceDate "2010.03.03"]
[SourceVersion "1"]
[SourceVersionDate "2010.03.03"]
[SourceQuality "1"]

1. e4 e5 2. d4 exd4 3. Bc4 Nc6 4. Nf3 d6 5. c3 Nf6 6. 0-0 Be7 7. Re1 Bg4 8. Qb3 0-0 9. Qxb7 Na5 10. Qa6 Nxc4 11. Qxc4 Bxf3 12. gxf3 Nh5 13. Qd5 g6 14. f4 Bh4 15. Qxd4 Qd7 16. Qd1 Rab8 17. Qf3 Bf6 18. Na3 Rfe8 19. Nc2 a5 20. Nd4 Ng7 21. Kh1 a4 22. Rb1 c5 23. Ne2 Qe6 24. f5 Qxe4 25. Qxe4 Rxe4 26. fxg6 fxg6 27. Bd2 Nf5 28. Ng3 Rxe1+ 29. Bxe1 Nh4 30. Ne4 Be5 31. f4 Bxf4 32. Bxh4 h6 33. Bg3 Bxg3 34. hxg3 Rb6 35. Kg2 Kf7 36. b4 axb3 37. axb3 Ke6 38. Kf3 Ke5 39. Nd2 d5 40. Ra1 Rf6+ 41. Kg2 Kf5 42. Rf1+ Ke6 43. Rxf6+ Kxf6 44. Kf3 Ke5 45. Kg4 d4 46. Nf3+ Ke4 47. cxd4 cxd4 48. Nd2+ Kd3 49. Nf3 Ke4 50. Nxd4 Kxd4 51. Kf4 Kc3 52. Ke5 Kxb3 53. Kf6 g5 54. Kg6 Kc4 55. Kxh6 g4 56. Kg5 Kd5 57. Kxg4 Ke5 58. Kh5 Kf5 59. Kh4 Kf6 60. Kh5 Kf5 61. g4+ Kf6 62. Kh6 Kf7 63. g5 Kf8 1-0

[Event "Benidorm op U2000 08th"]
[Site "Benidorm"]
[Date "2009.11.30"]
[Round "3"]
[White "Benito Alba, Eladio"]
[Black "Navarro Martinez, Daniel"]
[Result "0-1"]
[WhiteElo "1803"]
[BlackElo "1974"]
[PlyCount "34"]
[EventDate "2009.11.28"]
[EventType "swiss"]
[EventRounds "10"]
[EventCountry "ESP"]
[SourceTitle "CBM 133 Extra"]
[Source "ChessBase"]
[SourceDate "2010.01.05"]
[SourceVersion "1"]
[SourceVersionDate "2010.01.05"]
[SourceQuality "1"]

1. d4 c5 2. d5 d6 3. c4 Nf6 4. Nc3 g6 5. e4 b5 6. cxb5 Bg7 7. Nf3 0-0 8. h3 a6 9. b6 Qxb6 10. Nd2 Nbd7 11. Nc4 Qc7 12. Be2 Nb6 13. 0-0 Nxc4 14. Bxc4 Bd7 15. Qe2 Rfb8 16. Rb1 Ne8 17. g4 Bxc3 0-1